Odpady v Slovenskej republike 2013

Gespeichert in:
Bibliographische Detailangaben
Format: Buch
Sprache:Slowakisch
Englisch
Veröffentlicht: Bratislava Štatistický úrad Slovenskej republiky 2014
Schriftenreihe:Podnikové štatistiky
Schlagworte:
Tags: Tag hinzufügen
Keine Tags, Fügen Sie das erste Tag hinzu!

MARC

LEADER 00000nlm$a2200000$$$4500
001 0222508
005 20240827082941.8
020 |a 978-80-8121-342-7 
041 0 |a slo 
041 0 |a eng 
044 |a SK 
245 1 0 |a Odpady v Slovenskej republike 2013 
264 1 |a Bratislava  |b Štatistický úrad Slovenskej republiky  |c 2014 
300 |a 99 s. 
490 1 |a Podnikové štatistiky 
830 0 |a Podnikové štatistiky 
500 |a Zdroj dokumentu: Štatistický úrad SR 
610 2 0 |a odpad 
610 2 0 |a zber separovaný 
610 2 0 |a kraje 
610 2 0 |a Slovensko